Nueva Ley General Tributaria Ley 58/2003 de 17 de diciembre /

Bibliographic Details
Main Author: Rey Quiroga, Begoą (Author)
Format: Unknown
Language:Spanish
Published: Barcelona : BOSCH EDITOR, 2004
Subjects:
Online Access:Acceso restringido

MARC

LEADER 00000ny a22000003n 4500
003 CaPaEBR
005 20110623164551.0
006 m u
007 cr cn|||||||||
008 200805r20042008sp |||||s|||||||||||spa d
020 |a 9788476987254 
035 |a 475 
040 |a FlNmELB  |c FlNmELB  |d vlex 
050 1 4 |a KKT3544.52003  |b N964 2004eb 
080 |a 342:336.221(460) 
090 |c 1197  |d 1197 
245 0 0 |a Nueva Ley General Tributaria  |h [Recurso electrn̤ico]  |b Ley 58/2003 de 17 de diciembre /  |c Rey Quiroga, Begoą, ...[et al.] 
256 |a Servicio en ln̕ea 
260 |a Barcelona :  |b BOSCH EDITOR,  |c 2004 
300 |a 7-559 p 
506 1 |a Contenido solo disponible en los productos indicados  |d vLex Global  |d vLex Global (Academic Edition, excluding Law Schools)  |d vLex Global (U.S. Academic Edition, Law Schools)  |d vLex Global (U.S. Academic Edition, excluding Law Schools)  |d vLex Global (Academic Edition, Law Schools) 
650 0 4 |a Tributario 
650 0 4 |a Derecho tributario 
700 1 |a Rey Quiroga, Begoą,   |e aut 
740 0 |a vLex Libros (Servicios en ln̕ea) 
856 4 0 |z Acceso restringido  |u http://vlex.com/source/ley-general-tributaria-nueva-475 
942 |c BOOK 
999 |a Ley tributaria 
999 |a Ordenamiento jurd̕ico